[Event "Junior Online 4NCL Division 5"]
[Site "online"]
[Date "2021.03.18"]
[EventDate "2021.03.18"]
[Round "5.363"]
[White "Gardner, Oliver"]
[WhiteElo "731"]
[WhiteTeam "Surrey Kings 7"]
[Black "Motorwala, Muhammad"]
[BlackElo "978"]
[BlackTeam "Uxbridge Juniors Eagles"]
[Result "1-0"]
[PlyCount "85"]

1. e4 e5 2. Nf3 Nf6 3. Nc3 Bc5 4. Bc4 Ng4 5. d4 Nxf2 6. Qe2 Nxh1 7. dxc5 Nc6 8. Bg5 Ne7 9. Nxe5 O-O 10. Nd5 h6 11. Bxe7 Qe8 12. Nxc7 Qxe7 13. Nxa8 Qxe5 14. O-O-O Qxh2 15. e5 Ng3 16. Qe3 Qxg2 17. e6 dxe6 18. Nc7 Re8 19. Nxe8 Nf1 20. Bxf1 Qh2 21. Rd8 Qc7 22. Nxc7+ Kh7 23. Bd3+ g6 24. c6 bxc6 25. Rxc8 f5 26. Ne8 e5 27. Nf6+ Kg7 28. Nh5+ gxh5 29. Bxf5 Kf6 30. Rf8+ Ke7 31. Rc8 Kd6 32. Rd8+ Kc7 33. Rc8+ Kb7 34. Qxe5 Kb6 35. Qb8+ Kc5 36. b4+ Kd4 37. Qd6+ Kc4 38. Rxc6+ Kb5 39. Bd3+ Ka4 40. Qd5 Kxb4 41. Rc4+ Ka3 42. Qb5 Kxa2 43. Ra4# 1-0

[Event "Junior Online 4NCL Division 5"]
[Site "online"]
[Date "2021.03.18"]
[EventDate "2021.03.18"]
[Round "5.364"]
[White "Ravikumar, Kavin"]
[WhiteElo "700"]
[WhiteTeam "Uxbridge Juniors Eagles"]
[Black "Liu, Kieron"]
[BlackElo "134"]
[BlackTeam "Surrey Kings 7"]
[Result "1/2-1/2"]
[PlyCount "41"]

1. e4 c5 2. Nf3 d6 3. Bb5+ Bd7 4. Nc3 Bxb5 5. Nxb5 Nf6 6. d4 cxd4 7. Nfxd4 Nxe4 8. Bf4 g5 9. Bxg5 Nxg5 10. O-O e5 11. Nf3 Nxf3+ 12. Qxf3 Qd7 13. Nc3 Nc6 14. Rad1 O-O-O 15. Nb5 a6 16. Na7+ Nxa7 17. Qc3+ Nc6 18. Qf3 Nb4 19. Qc3+ Nc6 20. Qf3 Nb4 21. Qc3+ Nc6 1/2-1/2

[Event "Junior Online 4NCL Division 5"]
[Site "online"]
[Date "2021.03.18"]
[EventDate "2021.03.18"]
[Round "5.366"]
[White "Saraty, Thomas"]
[WhiteElo "865"]
[WhiteTeam "Surrey Kings 7"]
[Black "Jones, Theo"]
[BlackElo "985"]
[BlackTeam "Uxbridge Juniors Eagles"]
[Result "1-0"]
[PlyCount "123"]

1. e4 e6 2. Nc3 Nf6 3. Nf3 Nc6 4. Bb5 d6 5. Bxc6+ bxc6 6. O-O Rb8 7. e5 Bd7 8. exf6 Qxf6 9. Re1 Qd8 10. b4 Be7 11. a3 Ra8 12. d4 a5 13. bxa5 Rxa5 14. Nb1 Rd5 15. g4 O-O 16. h3 Rh5 17. gxh5 Bg5 18. Nxg5 f6 19. Ne4 d5 20. h4 dxe4 21. Rxe4 f5 22. Re2 Kf7 23. Bg5 Be8 24. Bxd8 Bd7 25. Bxc7 Rc8 26. Bb6 Rb8 27. Ra2 Rxb6 28. a4 Rb4 29. c3 Rxa4 30. Rxa4 c5 31. Ra7 Ke8 32. Rxd7 Kxd7 33. dxc5+ Kc6 34. Rxe6+ Kxc5 35. Qd4+ Kb5 36. Re5+ Kc6 37. Qa4+ Kd6 38. Rxf5 Ke6 39. Qa6+ Kxf5 40. c4 Ke5 41. c5 Kd5 42. c6 Kd6 43. f4 Kc7 44. Qa7+ Kxc6 45. Nc3 Kd6 46. f5 Ke5 47. Qc5+ Kf6 48. Ne4+ Kf7 49. Nd6+ Kf6 50. Qd4+ Ke7 51. Qxg7+ Kxd6 52. Qxh7 Ke5 53. Qg6 Kd5 54. f6 Ke6 55. f7+ Ke7 56. h6 Kf8 57. h7 Ke7 58. h8=Q Kd7 59. f8=Q Kc7 60. Qff5 Kb7 61. Qhh7+ Kb8 62. Qf8# 1-0

[Event "Junior Online 4NCL Division 5"]
[Site "online"]
[Date "2021.03.18"]
[EventDate "2021.03.18"]
[Round "5.367"]
[White "Motorwala, Muhammad"]
[WhiteElo "978"]
[WhiteTeam "Uxbridge Juniors Eagles"]
[Black "Gardner, Oliver"]
[BlackElo "731"]
[BlackTeam "Surrey Kings 7"]
[Result "0-1"]
[PlyCount "40"]

1. e4 e5 2. Bc4 Nh6 3. Nf3 Nc6 4. Ng5 g6 5. Nxf7 Nxf7 6. Qf3 Ng5 7. Bf7+ Nxf7 8. Nc3 Nd4 9. Qd3 Bb4 10. a3 O-O 11. axb4 Nxc2+ 12. Qxc2 Ng5 13. O-O Nf3+ 14. gxf3 Qg5+ 15. Kh1 Rxf3 16. Rg1 Qf4 17. Nd5 Qf7 18. Nxc7 Rxf2 19. Nxa8 Qf3+ 20. Rg2 Qxg2# 0-1

[Event "Junior Online 4NCL Division 5"]
[Site "online"]
[Date "2021.03.18"]
[EventDate "2021.03.18"]
[Round "5.368"]
[White "Liu, Kieron"]
[WhiteElo "134"]
[WhiteTeam "Surrey Kings 7"]
[Black "Ravikumar, Kavin"]
[BlackElo "700"]
[BlackTeam "Uxbridge Juniors Eagles"]
[Result "1-0"]
[PlyCount "59"]

1. d4 Nc6 2. Nf3 Nf6 3. Nc3 d5 4. Bf4 Bf5 5. e3 e6 6. Bb5 a6 7. Ba4 b5 8. Bb3 b4 9. Na4 Na5 10. Nc5 Nxb3 11. Nxb3 Bd6 12. Bxd6 cxd6 13. h3 O-O 14. g4 Bg6 15. Nh4 Bxc2 16. Qxc2 Rc8 17. O-O-O Rxc2+ 18. Kxc2 Qc8+ 19. Kb1 Qc6 20. Na5 Qc7 21. Nb3 Rc8 22. Rc1 Qb8 23. Rxc8+ Qxc8 24. Rc1 Qd7 25. Na5 Ne4 26. f3 Nd2+ 27. Kc2 Qc7+ 28. Kxd2 Qxa5 29. Rc8+ Qd8 30. Rxd8# 1-0

[Event "Junior Online 4NCL Division 5"]
[Site "online"]
[Date "2021.03.18"]
[EventDate "2021.03.18"]
[Round "5.371"]
[White "Liu, Reuben"]
[WhiteElo "840"]
[WhiteTeam "Surrey Kings 6"]
[Black "Panesar, Gian"]
[BlackElo "800"]
[BlackTeam "Dragon Kings 2"]
[Result "1-0"]
[PlyCount "83"]

1. e4 e5 2. Nf3 Nc6 3. Bb5 Nf6 4. O-O Nxe4 5. Re1 Nf6 6. Nxe5 Bd6 7. Nxc6+ Be5 8. Nxd8 Kxd8 9. Rxe5 Ng4 10. Qxg4 d6 11. Qg5+ f6 12. Qxg7 fxe5 13. Qxh8+ Ke7 14. Qe8+ Kf6 15. Qf8+ Kg5 16. Qg7+ Kf4 17. Qxh7 Kg4 18. Be2+ Kf4 19. Qh4+ Kf5 20. Qg4+ Kf6 21. Qf3+ Ke7 22. d3 Bf5 23. Bg5+ Ke6 24. g4 Bg6 25. Qf6+ Kd5 26. Qxg6 Rf8 27. Qe4+ Ke6 28. Qc4+ Kd7 29. Nc3 c5 30. Qb5+ Kc7 31. Nd5+ Kc8 32. Ne7+ Kc7 33. Nd5+ Kc8 34. Be7 Re8 35. g5 Rg8 36. Bg4+ Kb8 37. Bxd6+ Ka8 38. Nb6+ axb6 39. Qxb6 Rg6 40. Bf3 Rxg5+ 41. Kh1 Rf5 42. Qxb7# 1-0

[Event "Junior Online 4NCL Division 5"]
[Site "online"]
[Date "2021.03.18"]
[EventDate "2021.03.18"]
[Round "5.372"]
[White "Pink, Callum"]
[WhiteElo "800"]
[WhiteTeam "Dragon Kings 2"]
[Black "Song, Meilin"]
[BlackElo "910"]
[BlackTeam "Surrey Kings 6"]
[Result "1/2-1/2"]
[PlyCount "144"]

1. e4 e5 2. Nf3 Nc6 3. Nc3 Nf6 4. Bc4 Bc5 5. Ng5 O-O 6. Bxf7+ Rxf7 7. Nxf7 Kxf7 8. Qe2 d5 9. exd5 Nxd5 10. Qf3+ Kg8 11. Nxd5 Nd4 12. Qe4 Bd6 13. O-O Bf5 14. Qxf5 Nxf5 15. d3 Nd4 16. Re1 Nxc2 17. Bd2 Nxa1 18. Rxa1 Bc5 19. Nc3 Qxd3 20. Re1 Qxd2 21. Rxe5 Qd1+ 22. Nxd1 Rd8 23. Re1 h6 24. Kf1 Bd4 25. Re7 Rc8 26. Re4 Bb6 27. Ra4 Ra8 28. Rc4 Ba5 29. Ra4 Bd2 30. Ke2 Bg5 31. Rc4 Rc8 32. Rb4 Be7 33. Rxb7 Bd6 34. Rxa7 Bxh2 35. Ra3 Bg1 36. Rh3 Rf8 37. Rh5 Bxf2 38. Nxf2 Rb8 39. Ne4 Rxb2+ 40. Nd2 Rxa2 41. Rd5 Rc2 42. Rd3 c5 43. Rd8+ Kh7 44. Rc8 g5 45. g4 h5 46. gxh5 Kh6 47. Rc6+ Kxh5 48. Rxc5 Rxc5 49. Nb3 Rc3 50. Nd4 g4 51. Nf5 g3 52. Nxg3+ Rxg3 53. Kd2 Rf3 54. Kc2 Kg4 55. Kb2 Rd3 56. Kc2 Re3 57. Kd2 Kf4 58. Kc2 Ke4 59. Kd2 Kd4 60. Kc2 Rd3 61. Kb2 Rc3 62. Kb1 Kd3 63. Kb2 Kc4 64. Ka2 Kb4 65. Kb2 Kc4 66. Ka2 Rb3 67. Ka1 Kb4 68. Ka2 Kc3 69. Ka1 Kc2 70. Ka2 Kc3 71. Ka1 Kc4 72. Ka2 Kc3 1/2-1/2

[Event "Junior Online 4NCL Division 5"]
[Site "online"]
[Date "2021.03.18"]
[EventDate "2021.03.18"]
[Round "5.373"]
[White "Cole, Ted"]
[WhiteElo "850"]
[WhiteTeam "Surrey Kings 6"]
[Black "Choy, Thomas"]
[BlackElo "800"]
[BlackTeam "Dragon Kings 2"]
[Result "1-0"]
[PlyCount "33"]

1. e4 e5 2. Nf3 Nf6 3. Nc3 Nc6 4. Bb5 a6 5. Bxc6 bxc6 6. Nxe5 Rb8 7. O-O Bd6 8. Ng4 Nxg4 9. Qxg4 O-O 10. d3 Re8 11. Re1 Bc5 12. Bg5 Be7 13. Bxe7 Rxe7 14. Ne2 c5 15. Ng3 Rb6 16. Nf5 Bb7 17. Qxg7# 1-0

[Event "Junior Online 4NCL Division 5"]
[Site "online"]
[Date "2021.03.18"]
[EventDate "2021.03.18"]
[Round "5.374"]
[White "Tipton, Daniel"]
[WhiteElo "708"]
[WhiteTeam "Dragon Kings 2"]
[Black "Ambrose, Daniel"]
[BlackElo "804"]
[BlackTeam "Surrey Kings 6"]
[Result "0-1"]
[PlyCount "64"]

1. e4 d5 2. Qh5 dxe4 3. Bc4 g6 4. Qe5 f5 5. Qxh8 e3 6. fxe3 Nf6 7. Nf3 Nc6 8. Ng5 e6 9. Bxe6 Bxe6 10. Nxe6 Qe7 11. Ng7+ Qxg7 12. Qxg7 Bxg7 13. O-O Nb4 14. Na3 Ne4 15. Rf4 Be5 16. Rf1 Rd8 17. d3 Ng3 18. d4 Nxf1 19. Kxf1 Bxh2 20. c3 Nd3 21. Bd2 Nxb2 22. Rb1 Nd3 23. Rxb7 f4 24. Nb5 Ne5 25. Rxc7 Ng4 26. Nd6+ Rxd6 27. Rxh7 Ra6 28. Rxh2 Nxh2+ 29. Kg1 Ng4 30. exf4 Rxa2 31. Be3 Ra1+ 32. Bc1 Rxc1# 0-1

[Event "Junior Online 4NCL Division 5"]
[Site "online"]
[Date "2021.03.18"]
[EventDate "2021.03.18"]
[Round "5.375"]
[White "Panesar, Gian"]
[WhiteElo "800"]
[WhiteTeam "Dragon Kings 2"]
[Black "Liu, Reuben"]
[BlackElo "840"]
[BlackTeam "Surrey Kings 6"]
[Result "0-1"]
[PlyCount "38"]

1. d4 e6 2. e4 d5 3. e5 Nc6 4. Nf3 Bb4+ 5. Bd2 Bxd2+ 6. Qxd2 Nce7 7. Bb5+ Bd7 8. Bxd7+ Qxd7 9. Nc3 c5 10. dxc5 Nf5 11. O-O-O Nge7 12. Nxd5 Nxd5 13. Ng5 Rd8 14. Qa5 O-O 15. Qxa7 Nb4 16. Rxd7 Rxd7 17. Kb1 Rfd8 18. a3 Rd1+ 19. Rxd1 Rxd1# 0-1

[Event "Junior Online 4NCL Division 5"]
[Site "online"]
[Date "2021.03.18"]
[EventDate "2021.03.18"]
[Round "5.376"]
[White "Song, Meilin"]
[WhiteElo "910"]
[WhiteTeam "Surrey Kings 6"]
[Black "Pink, Callum"]
[BlackElo "800"]
[BlackTeam "Dragon Kings 2"]
[Result "1-0"]
[PlyCount "93"]

1. e4 e5 2. Nf3 Nf6 3. Nc3 Nc6 4. Bc4 Bc5 5. O-O O-O 6. d3 Qe7 7. Nd5 Nxd5 8. Bxd5 Nd4 9. Nxd4 exd4 10. Bf4 Qh4 11. g3 Qh3 12. Bxc7 Qh6 13. c3 dxc3 14. bxc3 Bxf2+ 15. Rxf2 Qe3 16. Qf1 Qxd3 17. Qd1 Qxc3 18. Rc1 Qxc7 19. Bxf7+ Rxf7 20. Rxf7 Kxf7 21. Qe1 Qe5 22. Rd1 Qb2 23. Ra1 Qd4+ 24. Kh1 Qc4 25. Rc1 Qxa2 26. Rc7 Qc4 27. Rxc4 d6 28. Rc7+ Ke6 29. Rxg7 b5 30. Rxh7 Bb7 31. Rxb7 Rh8 32. Rxa7 Rh5 33. h3 Rxh3+ 34. Kg2 Rh5 35. Kf3 Re5 36. Kf4 Rc5 37. g4 Rc4 38. g5 Rb4 39. Qxb4 d5 40. exd5+ Kxd5 41. Qxb5+ Ke6 42. g6 Kf6 43. Qg5+ Ke6 44. g7 Kd6 45. Ra6+ Kc7 46. Qe7+ Kb8 47. g8=Q# 1-0

[Event "Junior Online 4NCL Division 5"]
[Site "online"]
[Date "2021.03.18"]
[EventDate "2021.03.18"]
[Round "5.377"]
[White "Choy, Thomas"]
[WhiteElo "800"]
[WhiteTeam "Dragon Kings 2"]
[Black "Cole, Ted"]
[BlackElo "850"]
[BlackTeam "Surrey Kings 6"]
[Result "0-1"]
[PlyCount "28"]

1. e4 e5 2. Nc3 Nf6 3. Nf3 Nc6 4. Bb5 Bb4 5. Ne2 Nxe4 6. Bd3 Nc5 7. a3 Nxd3+ 8. cxd3 Bd6 9. O-O O-O 10. Ng3 Nd4 11. Nxd4 exd4 12. Ne2 Re8 13. Nxd4 Qh4 14. Nf5 Qxh2# 0-1

[Event "Junior Online 4NCL Division 5"]
[Site "online"]
[Date "2021.03.18"]
[EventDate "2021.03.18"]
[Round "5.378"]
[White "Ambrose, Daniel"]
[WhiteElo "804"]
[WhiteTeam "Surrey Kings 6"]
[Black "Tipton, Daniel"]
[BlackElo "708"]
[BlackTeam "Dragon Kings 2"]
[Result "0-1"]
[PlyCount "24"]

1. Nf3 e5 2. Nxe5 Qh4 3. e3 Bc5 4. Qf3 d5 5. Qxf7+ Kd8 6. Qf8+ Bxf8 7. Nf7+ Ke7 8. Nxh8 b5 9. Bxb5 Qg4 10. Bc6 Qxg2 11. Rf1 Ba6 12. Bxa8 Qxf1# 0-1

[Event "Junior Online 4NCL Division 5"]
[Site "online"]
[Date "2021.04.01"]
[EventDate "2021.04.01"]
[Round "6.11"]
[White "Sanger, Jake M"]
[WhiteElo "2343"]
[WhiteTeam "Lenzie Basilisks"]
[Black "Kumar, Soham"]
[BlackElo "1811"]
[BlackTeam "Berkshire Bishops"]
[Result "0-1"]
[PlyCount "102"]

1. d4 Nf6 2. Nf3 g6 3. c4 c5 4. e3 cxd4 5. exd4 Bg7 6. Nc3 d6 7. Be2 O-O 8. O-O Nbd7 9. Re1 b6 10. h3 Bb7 11. Bf4 Rc8 12. Rc1 Re8 13. d5 Nh5 14. Bh2 Ba6 15. Nd4 Bxd4 16. Qxd4 Ng7 17. g4 f5 18. b3 Nc5 19. b4 Nd7 20. b5 Bb7 21. Bd3 Rf8 22. Re3 Nc5 23. Bb1 Qd7 24. Rce1 Rce8 25. Bg3 Bc8 26. Bh4 e5 27. dxe6 Ngxe6 28. Qd2 f4 29. R3e2 g5 30. Bf5 gxh4 31. Nd5 Qg7 32. Kh2 Nd4 33. Rxe8 Nf3+ 34. Kh1 Nxd2 35. Bxc8 Nce4 36. Be6+ Kh8 37. Re7 Qd4 38. Bf5 Rxf5 39. gxf5 Nxf2+ 40. Kg2 f3+ 41. Kh2 Nfe4 42. Re8+ Kg7 43. f6+ Kh6 44. Ne3 Nxf6 45. Re6 Qf4+ 46. Kh1 f2 47. Ng4+ Kg5 48. Nxf2 Qxf2 49. Rg1+ Kf5 50. Rxd6 Qf3+ 51. Kh2 Qf4+ 0-1

[Event "Junior Online 4NCL Division 5"]
[Site "online"]
[Date "2021.04.01"]
[EventDate "2021.04.01"]
[Round "6.12"]
[White "Rybak, Teo"]
[WhiteElo "1780"]
[WhiteTeam "Berkshire Bishops"]
[Black "D Alessio, Marco"]
[BlackElo "1800"]
[BlackTeam "Lenzie Basilisks"]
[Result "0-1"]
[PlyCount "44"]

1. e4 e5 2. Nf3 Nc6 3. Bb5 a6 4. Ba4 Nf6 5. O-O Be7 6. Re1 b5 7. Bb3 O-O 8. c3 d5 9. exd5 Nxd5 10. Nxe5 Nxe5 11. Rxe5 c6 12. Qf3 Bd6 13. Re1 Qh4 14. g3 Qh3 15. Bxd5 Bg4 16. Qg2 Rae8 17. Bxf7+ Kxf7 18. Rf1 Qh5 19. h4 Be2 20. Re1 Bf3 21. Qf1 Qg4 22. Re3 Kg8 0-1

[Event "Junior Online 4NCL Division 5"]
[Site "online"]
[Date "2021.04.01"]
[EventDate "2021.04.01"]
[Round "6.13"]
[White "Kitaev, Daniel"]
[WhiteElo "1405"]
[WhiteTeam "Lenzie Basilisks"]
[Black "Khoury, Theo"]
[BlackElo "1645"]
[BlackTeam "Berkshire Bishops"]
[Result "1-0"]
[PlyCount "81"]

1. d4 Nf6 2. c4 c5 3. d5 e6 4. Nc3 exd5 5. cxd5 d6 6. e4 g6 7. Nf3 Bg7 8. Bd3 O-O 9. O-O Re8 10. Re1 a6 11. h3 b5 12. a3 Nbd7 13. Bf4 Qc7 14. a4 b4 15. Na2 a5 16. Nd2 Ba6 17. Qe2 Nxd5 18. Bg3 Bxb2 19. Bxa6 Bxa1 20. Rxa1 N5b6 21. Bb5 Re6 22. Nc1 Ne5 23. Nd3 Nbd7 24. Rc1 Nxd3 25. Qxd3 Ne5 26. Bxe5 Rxe5 27. Nc4 Re6 28. Rd1 Rd8 29. f3 h5 30. Qd5 Rf6 31. e5 Rf5 32. Nxd6 b3 33. Qe4 Qa7 34. Rb1 c4+ 35. Kh2 c3 36. Rxb3 Qc7 37. Bc4 c2 38. Qxc2 Rxe5 39. Bxf7+ Qxf7 40. Nxf7 Kxf7 41. Qc7+ 1-0

[Event "Junior Online 4NCL Division 5"]
[Site "online"]
[Date "2021.04.01"]
[EventDate "2021.04.01"]
[Round "6.14"]
[White "Ramesh, Eshitha"]
[WhiteElo "1285"]
[WhiteTeam "Berkshire Bishops"]
[Black "Moroz, Michael"]
[BlackElo "1330"]
[BlackTeam "Lenzie Basilisks"]
[Result "1/2-1/2"]
[PlyCount "82"]

1. e4 e5 2. Nf3 Nc6 3. Bc4 Nd4 4. Nxd4 exd4 5. Qf3 Qf6 6. Qxf6 Nxf6 7. d3 d6 8. O-O Be7 9. Bg5 O-O 10. Nd2 h6 11. Bf4 Be6 12. Bxe6 fxe6 13. Nb3 e5 14. Bd2 Nh7 15. f4 b6 16. fxe5 dxe5 17. Rxf8+ Rxf8 18. Rf1 Rxf1+ 19. Kxf1 Bg5 20. h3 a5 21. Bxg5 Nxg5 22. Nd2 Kf7 23. Kf2 Kf6 24. h4 Ne6 25. Nc4 Nc5 26. Kg3 Na4 27. b3 Nc3 28. a4 Ne2+ 29. Kf2 Nf4 30. g3 Ne6 31. Kf3 Nc5 32. Kg4 g6 33. Kf3 Na6 34. g4 h5 35. g5+ Ke6 36. Ke2 Nb4 37. Kd2 Na2 38. Ke2 Nc3+ 39. Kd2 Na2 40. Ke2 Nb4 41. Kd2 Na2 1/2-1/2

[Event "Junior Online 4NCL Division 5"]
[Site "online"]
[Date "2021.04.01"]
[EventDate "2021.04.01"]
[Round "6.15"]
[White "Kumar, Soham"]
[WhiteElo "1811"]
[WhiteTeam "Berkshire Bishops"]
[Black "Sanger, Jake M"]
[BlackElo "2343"]
[BlackTeam "Lenzie Basilisks"]
[Result "0-1"]
[PlyCount "96"]

1. e4 e6 2. d4 d5 3. Nc3 Nf6 4. e5 Nfd7 5. f4 c5 6. Be3 Nc6 7. Nf3 a6 8. Be2 b5 9. O-O b4 10. Nb1 Qb6 11. Kh1 cxd4 12. Nxd4 Bc5 13. c3 a5 14. Rf3 Ba6 15. Bxa6 Rxa6 16. Rg3 g6 17. Qe2 Ra8 18. Nxc6 Qxc6 19. Nd2 bxc3 20. bxc3 Bxe3 21. Qxe3 Qb6 22. Qxb6 Nxb6 23. Rb1 Rb8 24. c4 Ke7 25. Rgb3 Nd7 26. cxd5 exd5 27. Kg1 Rhc8 28. Rxb8 Rxb8 29. Rxb8 Nxb8 30. Kf2 Nc6 31. Ke3 a4 32. a3 Ke6 33. g3 Kf5 34. h3 h5 35. Nf3 g5 36. Nxg5 f6 37. exf6 Kxf6 38. Nf3 Na5 39. Nd2 Kf5 40. Kd4 Nb3+ 41. Nxb3 axb3 42. Kc3 Ke4 43. Kxb3 Ke3 44. a4 d4 45. a5 d3 46. a6 d2 47. a7 d1=Q+ 48. Kb4 Qa1 0-1

[Event "Junior Online 4NCL Division 5"]
[Site "online"]
[Date "2021.04.01"]
[EventDate "2021.04.01"]
[Round "6.16"]
[White "D Alessio, Marco"]
[WhiteElo "1800"]
[WhiteTeam "Lenzie Basilisks"]
[Black "Rybak, Teo"]
[BlackElo "1780"]
[BlackTeam "Berkshire Bishops"]
[Result "1-0"]
[PlyCount "37"]

1. d4 Nf6 2. c4 g6 3. f3 Bg7 4. e4 d6 5. Nc3 O-O 6. Be3 e5 7. Nge2 Nc6 8. Qd2 Nd7 9. h4 h5 10. O-O-O a5 11. g4 Nb6 12. b3 a4 13. gxh5 axb3 14. axb3 gxh5 15. Bh6 Ra1+ 16. Kb2 Rxd1 17. Nxd1 exd4 18. Rg1 Qf6 19. Bxg7 1-0

[Event "Junior Online 4NCL Division 5"]
[Site "online"]
[Date "2021.04.01"]
[EventDate "2021.04.01"]
[Round "6.17"]
[White "Khoury, Theo"]
[WhiteElo "1645"]
[WhiteTeam "Berkshire Bishops"]
[Black "Kitaev, Daniel"]
[BlackElo "1405"]
[BlackTeam "Lenzie Basilisks"]
[Result "1-0"]
[PlyCount "71"]

1. e4 c5 2. Nf3 Nc6 3. d4 cxd4 4. Nxd4 e6 5. c4 d6 6. Nc3 a6 7. Be3 Nf6 8. Be2 Be7 9. O-O O-O 10. f4 Qb6 11. Qd2 Qc7 12. Rad1 b6 13. Bf3 Bb7 14. b3 Rfd8 15. Kh1 Rd7 16. f5 e5 17. Nc2 g6 18. Bg5 Rf8 19. Bxf6 Bxf6 20. Nd5 Qd8 21. Qh6 Bg7 22. Qh3 f6 23. fxg6 hxg6 24. Bg4 Rdf7 25. Be6 Ne7 26. Bxf7+ Rxf7 27. Nce3 Nc6 28. Ng4 f5 29. Nh6+ Bxh6 30. Qxh6 Rg7 31. exf5 gxf5 32. Rxf5 Ne7 33. Nf6+ Kf8 34. Rf2 Bxg2+ 35. Rxg2 Qa8 36. Qxg7# 1-0

[Event "Junior Online 4NCL Division 5"]
[Site "online"]
[Date "2021.04.01"]
[EventDate "2021.04.01"]
[Round "6.18"]
[White "Moroz, Michael"]
[WhiteElo "1330"]
[WhiteTeam "Lenzie Basilisks"]
[Black "Ramesh, Eshitha"]
[BlackElo "1285"]
[BlackTeam "Berkshire Bishops"]
[Result "1-0"]
[PlyCount "123"]

1. e4 c5 2. c3 d6 3. d4 cxd4 4. cxd4 e6 5. Nf3 Nc6 6. Nc3 Nf6 7. Bd3 Be7 8. O-O O-O 9. Qc2 b6 10. Bg5 h6 11. Bxf6 Bxf6 12. Rfe1 Nb4 13. Qd2 Nxd3 14. Qxd3 Bb7 15. Rad1 Re8 16. d5 exd5 17. Nxd5 Bxd5 18. Qxd5 Re6 19. e5 dxe5 20. Nxe5 Qxd5 21. Rxd5 Rc8 22. Nd3 Rxe1+ 23. Nxe1 Rc1 24. Kf1 Bxb2 25. Ke2 Rc5 26. Rd8+ Kh7 27. Rd7 f5 28. Nd3 Rb5 29. Rxa7 Bf6 30. Nf4 Ra5 31. Rxa5 bxa5 32. a4 Kg8 33. Kd3 Kf7 34. Kc4 Bd8 35. Kb5 Ke7 36. Nd5+ Kd6 37. Nb6 Bxb6 38. Kxb6 g5 39. Kxa5 Kc7 40. Kb5 h5 41. a5 f4 42. Kc5 g4 43. Kd5 h4 44. Ke4 g3 45. fxg3 hxg3 46. h4 f3 47. Kxf3 Kb7 48. h5 Ka6 49. h6 Kxa5 50. h7 Kb6 51. h8=Q Kc5 52. Qd8 Kc4 53. Qd6 Kb5 54. Qc7 Kb4 55. Qc6 Kb3 56. Qc5 Kb2 57. Qc4 Ka3 58. Qb5 Ka2 59. Ke3 Ka3 60. Kd2 Ka2 61. Kc2 Ka3 62. Qb3# 1-0

[Event "Junior Online 4NCL Division 5"]
[Site "online"]
[Date "2021.04.01"]
[EventDate "2021.04.01"]
[Round "6.21"]
[White "Paleri, Adithya P"]
[WhiteElo "1902"]
[WhiteTeam "Kings College School"]
[Black "Singh, Hari"]
[BlackElo "1283"]
[BlackTeam "KCJS 3"]
[Result "1-0"]
[PlyCount "93"]

1. d4 Nf6 2. c4 g6 3. Nf3 Bg7 4. g3 O-O 5. Bg2 d6 6. O-O Nbd7 7. Nc3 e5 8. b3 Re8 9. e4 b6 10. dxe5 Nxe5 11. Nd4 c5 12. Nc2 Bb7 13. Bb2 Ned7 14. f3 Qc7 15. Nb5 Qc6 16. Nxd6 Re6 17. Nxb7 Qxb7 18. e5 Ne8 19. f4 Rc6 20. b4 Qc7 21. b5 Re6 22. Bxa8 Nb8 23. Qd2 Bh6 24. Qc3 Bg7 25. Qd3 Re7 26. Rad1 Rd7 27. Bd5 a6 28. e6 Rxd5 29. Qxd5 Bxb2 30. Qd8 Kf8 31. e7+ Qxe7 32. Rfe1 Qxd8 33. Rxd8 Nd7 34. Rexe8+ Kg7 35. Rxd7 Bf6 36. bxa6 Bd8 37. Rdxd8 h5 38. a7 Kh6 39. a8=Q b5 40. Rh8+ Kg7 41. Rdg8+ Kf6 42. Qc6+ Kf5 43. Qd5+ Kg4 44. Ne3+ Kh3 45. Qd7+ f5 46. Qxf5+ gxf5 47. Rxh5# 1-0

[Event "Junior Online 4NCL Division 5"]
[Site "online"]
[Date "2021.04.01"]
[EventDate "2021.04.01"]
[Round "6.22"]
[White "Buanne, Giulio"]
[WhiteElo "1351"]
[WhiteTeam "KCJS 3"]
[Black "Stewart, Hari"]
[BlackElo "1817"]
[BlackTeam "Kings College School"]
[Result "0-1"]
[PlyCount "58"]

1. e4 c5 2. Nf3 g6 3. d3 Bg7 4. Be2 Nc6 5. O-O Nf6 6. c3 O-O 7. Bg5 h6 8. Bxf6 Bxf6 9. Nbd2 Ne5 10. d4 Nxf3+ 11. Nxf3 cxd4 12. cxd4 Qb6 13. Rb1 d6 14. e5 dxe5 15. dxe5 Bg7 16. Bc4 Bf5 17. Bd3 Bg4 18. h3 Bxf3 19. Qxf3 Bxe5 20. Bc4 Qc6 21. Bd5 Qf6 22. Bxb7 Rab8 23. Qxf6 Bxf6 24. Bd5 Bxb2 25. Rfe1 Bf6 26. Re2 Rxb1+ 27. Kh2 e6 28. Bb3 Rb2 29. Rxb2 Bxb2 0-1

[Event "Junior Online 4NCL Division 5"]
[Site "online"]
[Date "2021.04.01"]
[EventDate "2021.04.01"]
[Round "6.23"]
[White "Ali, Shahvez"]
[WhiteElo "1787"]
[WhiteTeam "Kings College School"]
[Black "Ali, Shahyan"]
[BlackElo "1335"]
[BlackTeam "KCJS 3"]
[Result "1-0"]
[PlyCount "137"]

1. d4 d5 2. Bf4 Bf5 3. e3 e6 4. Nc3 Bb4 5. Ne2 Nf6 6. a3 Ba5 7. Ng3 Bxc3+ 8. bxc3 Ne4 9. Nxf5 exf5 10. Qd3 Qd7 11. f3 Nf6 12. c4 dxc4 13. Qxc4 Nc6 14. d5 Qxd5 15. Bxc7 O-O 16. Bf4 Qa5+ 17. c3 Nd5 18. Bd3 Qxc3+ 19. Qxc3 Nxc3 20. Bxf5 Nd5 21. O-O Nxf4 22. exf4 Rfe8 23. Be4 Rad8 24. Rab1 Rb8 25. Rfc1 Nd4 26. Kf2 f5 27. Bd5+ Kh8 28. Rb2 b6 29. Rc7 a5 30. Rc4 Ne6 31. Bxe6 Rxe6 32. Rb5 Rf6 33. g4 fxg4 34. fxg4 g6 35. Kg3 Rd8 36. Rc3 Kg8 37. Re5 Rf7 38. Re6 Rb7 39. f5 gxf5 40. gxf5 Rg7+ 41. Kf4 Rd4+ 42. Ke5 Rd8 43. Rxb6 Re7+ 44. Re6 Red7 45. Rg3+ Kh8 46. Re3 Rd5+ 47. Kf4 Rd4+ 48. R3e4 R4d7 49. f6 Rf7 50. Re8+ Rf8 51. f7 Kg7 52. Rxd8 Rxf7+ 53. Ke3 Rf5 54. Rd7+ Kg6 55. Rd6+ Kg5 56. h4+ Kh5 57. Rd7 h6 58. Rde7 Rb5 59. R7e5+ Rxe5 60. Rxe5+ Kxh4 61. Rxa5 h5 62. Kf2 Kh3 63. Kg1 h4 64. a4 Kg3 65. Re5 h3 66. a5 h2+ 67. Kh1 Kh3 68. a6 Kg3 69. a7 1-0

[Event "Junior Online 4NCL Division 5"]
[Site "online"]
[Date "2021.04.01"]
[EventDate "2021.04.01"]
[Round "6.24"]
[White "Qiu, Winston"]
[WhiteElo "1240"]
[WhiteTeam "KCJS 3"]
[Black "Phanish, Adithya"]
[BlackElo "1720"]
[BlackTeam "Kings College School"]
[Result "1/2-1/2"]
[PlyCount "124"]

1. c4 e5 2. e4 Nf6 3. Nc3 Bb4 4. a3 Bxc3 5. bxc3 d6 6. d3 O-O 7. Bg5 Nbd7 8. d4 c6 9. Bd3 exd4 10. cxd4 Qa5+ 11. Bd2 Qc7 12. Nf3 Re8 13. O-O Nxe4 14. Bxe4 Rxe4 15. Qc2 Nf6 16. Bg5 Re6 17. Qb3 Ne4 18. Be3 Bd7 19. d5 Rg6 20. Qd3 Bh3 21. Nh4 Rg4 22. f3 Rxh4 23. gxh3 Nf6 24. Bg5 Rxh3 25. Bxf6 gxf6 26. Rf2 Qb6 27. Rb1 Rxf3 28. Rxb6 Rxd3 29. Rxb7 cxd5 30. Rg2+ Kh8 31. cxd5 Rxd5 32. Rxf7 Rd1+ 33. Kf2 Rd2+ 34. Kf3 Rxg2 35. Kxg2 d5 36. Rxf6 Rd8 37. Rf3 Kg7 38. Rd3 Kf6 39. Kf3 Ke5 40. h4 Rf8+ 41. Ke3 Rg8 42. Rd2 Rg3+ 43. Ke2 Rxa3 44. Rb2 Ra4 45. Rb7 Rxh4 46. Rxa7 d4 47. Re7+ Kd5 48. Rd7+ Kc6 49. Rd8 h5 50. Kd3 Rg4 51. Rxd4 Rxd4+ 52. Kxd4 Kd6 53. Ke3 Ke5 54. Kf3 Kf5 55. Kg3 Kg5 56. Kh3 h4 57. Kh2 Kg4 58. Kg2 h3+ 59. Kh2 Kh4 60. Kh1 Kg3 61. Kg1 h2+ 62. Kh1 Kh3 1/2-1/2

[Event "Junior Online 4NCL Division 5"]
[Site "online"]
[Date "2021.04.01"]
[EventDate "2021.04.01"]
[Round "6.25"]
[White "Singh, Hari"]
[WhiteElo "1283"]
[WhiteTeam "KCJS 3"]
[Black "Paleri, Adithya P"]
[BlackElo "1902"]
[BlackTeam "Kings College School"]
[Result "0-1"]
[PlyCount "52"]

1. d4 d5 2. Nf3 e6 3. e3 c5 4. c3 Nc6 5. b3 Nf6 6. Bd3 Bd6 7. Nbd2 O-O 8. O-O b6 9. Bb2 Bb7 10. c4 cxd4 11. exd4 Re8 12. a3 Rc8 13. Re1 Bf4 14. Ne5 dxc4 15. Bxc4 Nxe5 16. dxe5 Qxd2 17. Qxd2 Bxd2 18. Re2 Ne4 19. f3 b5 20. Bxb5 Nc3 21. Bxc3 Bxc3 22. Bxe8 Bxa1 23. Ba4 Bd4+ 24. Kf1 Rc1+ 25. Re1 Ba6+ 26. Bb5 Bxb5# 0-1